| 000 | 00463cam a2200169 4500 | ||
|---|---|---|---|
| 008 | 120727n 000 0 eng u | ||
| 020 | _a9781845113742 | ||
| 035 | _a(Sirsi) a176943 | ||
| 050 | _aPN 1997.85 SAR 2007 | ||
| 100 | _aSargeant, Amy | ||
| 245 |
_aStorm over Asia/ _cby Amy Sargeant |
||
| 260 |
_aI.B New York: _bTauris, _c2007 |
||
| 300 | _a104p. | ||
| 504 | _aIncludes bibliographical notes | ||
| 650 | _aBooks, filmed | ||
| 650 | _afilmed books | ||
| 999 |
_c117701 _d117701 |
||